000 00321 a2200133 4500
001 61075
082 _a658.5756 ULR
090 _c37049
_d37049
100 _aUlrich, K T.
245 _aProduct Design and Development, 2nd ED
250 _a2
260 _aboston
_bMcGraw-Hill, Boston
_c2000
300 _axxvi, 358 p
942 _aNUST-CAE
_k658.5756 ULR
999 _c296148
_d296148